Flagi państw na literę I - Statystyki

Ogólne statystyki
  • Ten quiz został rozwiązany 12 501 razy
  • Średni wynik to 7 z 7
Statystyki odpowiedzi
Obrazkowy Odpowiedź % Poprawnych
Indie
100%
Islandia
99%
Izrael
99%
Indonezja
98%
Iran
98%
Irlandia
98%
Irak
97%
Nie znaleziono quizów pasujących do podanych kryteriów
Rozkład punktacji
Procent ludzi z każdym wynikiem
Percentyl według liczby udzielonych odpowiedzi
Twoja historia wyników
Nie rozwiązałeś tego quizu